[Event "MIDAS XXXII"]
[Site "http://www.queenalice.com/game.php?id=1293113"]
[Date "2014.7.7"]
[Round "-"]
[White "rogeriooliveira"]
[Black "viniciusallexandre"]
[Result "1-0"]
[WhiteElo "1302"]
[BlackElo "1014"]

1. e4 e5 2. Nc3 Bd6 3. Nf3 c5 4. Bb5 Nf6 5. O-O a6 6. Bd3 O-O 7. Re1 Nc6 8. Re3
b5 9. Ne2 Ng4 10. h3 Nxe3 11. dxe3 Qe7 12. Qd2 c4 13. Bxc4 bxc4 14. c3 Bb7 15.
Qc2 a5 16. a4 Nb4 17. Qd2 Bxe4 18. Ra3 Nd3 19. Ne1 Qg5 20. g3 f5 21. Nxd3 cxd3
22. Nd4 Bxa3 23. bxa3 f4 24. exf4 exf4 25. h4 Qg6 26. Qe1 f3 27. Nxf3 Rxf3 28.
c4 Raf8 29. c5 Rxf2 30. Qxf2 Rxf2 31. Kxf2 Qf5+ 32. Ke3 Qxc5+ 33. Kd2 Qc2+ 34.
Ke3 Qxc1+ 35. Kxe4 d2 36. Ke5 d1=Q 37. Kf5 Qd4 38. h5 Qf6+ 39. Kg4 Qh1 40. h6
1-0

[Event "MIDAS XXXIII"]
[Site "http://www.queenalice.com/game.php?id=1293114"]
[Date "2014.7.7"]
[Round "-"]
[White "rogeriooliveira"]
[Black "viniciusallexandre"]
[Result "1-0"]
[WhiteElo "1297"]
[BlackElo "1020"]

1. e4 Nf6 2. e5 Nd5 3. c4 Nb6 4. c5 Nd5 5. Nc3 e6 6. Nxd5 Bxc5 7. Nc3 Bd4 8. Nf3
Bc5 9. d3 O-O 10. Be3 b6 11. Bxc5 bxc5 12. Be2 Nc6 13. O-O Nd4 14. Re1 Nxe2+ 15.
Rxe2 Ba6 16. Rc1 c4 17. dxc4 Bxc4 18. Re1 d5 19. Ne2 Bxa2 20. Rc2 Bb3 21. Qd2
Rb8 22. Rc3 c6 23. Nfd4 Ba4 24. Rg3 Qh4 25. Rh3 Qe7 26. Nf4 Rb4 27. Rh4 a5 28.
Nc2 Rxb2 29. Rc1 Qxh4 30. Ne2 Rb5 31. Ncd4 Rb4 32. Qf4 Qxf4 33. Nf3 Qh6 34. h3
d4 35. Ng3 Qxc1+ 36. Nf1 Rb1 37. Kh2 Qxf1 38. Kg3 Qd3 39. h4 1-0

[Event "AUTO-OPEN-3284"]
[Site "http://www.queenalice.com/game.php?id=1293138"]
[Date "2014.7.7"]
[Round "1"]
[White "vindaloo"]
[Black "viniciusallexandre"]
[Result "1-0"]
[WhiteElo "1752"]
[BlackElo "1100"]

1. e4 e5 2. Nf3 Bd6 3. c4 c5 4. Nc3 b6 5. a3 Ba6 6. Nd5 Nc6 7. d3 Nf6 8. Bg5 b5
9. Nxf6+ gxf6 10. Be3 Qa5+ 11. Bd2 Qa4 12. b3 Qa5 13. Bxa5 Nxa5 14. b4 Nb7 15.
bxc5 Nxc5 16. cxb5 Bxb5 17. Nh4 Ba4 18. Qf3 Be7 19. Nf5 Bf8 20. Be2 Bc6 21. O-O
d5 22. exd5 Bb7 23. d4 Nd7 24. Qb3 Rb8 25. Qa4 Ra8 26. Bb5 Rg8 27. Bxd7+ Kd8 28.
d6 Be4 29. Ng3 Bd3 30. Be8 Kc8 31. Rfc1+ Bc4 32. Rxc4+ Kd8 33. Qd7# 1-0

[Event "AUTO-OPEN-3284"]
[Site "http://www.queenalice.com/game.php?id=1293139"]
[Date "2014.7.7"]
[Round "1"]
[White "viniciusallexandre"]
[Black "vindaloo"]
[Result "0-1"]
[WhiteElo "1100"]
[BlackElo "1692"]

1. d3 e5 2. e4 c5 3. Bd2 Nf6 4. Nc3 d5 5. Nf3 Nc6 6. h3 dxe4 7. dxe4 Be7 8. Bc4
O-O 9. a3 a6 10. b4 cxb4 11. axb4 Bxb4 12. g4 Bxc3 13. Bxc3 Nxe4 14. Bb2 Qa5+
15. c3 Qb6 16. Qe2 Nf6 17. O-O Qc7 18. Ba3 Re8 19. Rfc1 e4 20. Ng5 Ne5 21. Bb3
Qc6 22. Bxf7+ Nxf7 23. f4 Nxg5 24. Kh2 Nxh3 25. Kxh3 Nxg4 26. c4 Nf2+ 27. Kg3
Nd3 28. Rd1 Qg6+ 29. Kh2 Bg4 30. Qa2 Bxd1 31. c5+ Kh8 32. Rxd1 Qh5+ 33. Kg3 Qxd1
34. Qg2 h5 35. Qh3 Qf3+ 36. Kh4 Qxh3+ 37. Kxh3 Nxf4+ 38. Kg3 Nd5 39. Kh4 g6 40.
Bb2+ Kg8 41. Bc1 e3 42. Kg5 Kh7 43. Kh4 e2 44. Bd2 Rad8 45. Bg5 e1=Q+ 46. Kh3
Re4 47. Bxd8 Qc3+ 48. Kg2 Re2+ 49. Kg1 Qe1# 0-1

[Event "AUTO-OPEN-3284"]
[Site "http://www.queenalice.com/game.php?id=1293166"]
[Date "2014.7.7"]
[Round "1"]
[White "viniciusallexandre"]
[Black "saida"]
[Result "0-1"]
[WhiteElo "1100"]
[BlackElo "1724"]

1. Nf3 d5 2. d4 Nc6 3. Nc3 Bg4 4. h3 Bh5 5. Be3 Nf6 6. g4 Bg6 7. g5 Ne4 8. Bg2
e6 9. h4 h6 10. h5 Bh7 11. a3 Nxg5 12. b4 Ne4 13. Qd3 Nxf2 14. Bxf2 Bxd3 15.
cxd3 g6 16. b5 Na5 17. e4 dxe4 18. dxe4 c6 19. Rb1 Bxa3 20. O-O Nc4 21. e5 f6
22. Rb3 g5 23. Bh3 fxe5 24. dxe5 Rg8 25. Rd1 Qc8 26. Rd4 cxb5 27. Nxb5 a6 28.
Nd6+ Nxd6 29. Rxa3 Qc1+ 30. Kg2 Nf5 31. Rdd3 g4 32. Rac3 gxh3+ 0-1

[Event "AUTO-OPEN-3284"]
[Site "http://www.queenalice.com/game.php?id=1293167"]
[Date "2014.7.7"]
[Round "1"]
[White "saida"]
[Black "viniciusallexandre"]
[Result "1-0"]
[WhiteElo "1726"]
[BlackElo "1100"]

1. d4 e6 2. e4 Be7 3. Qg4 g6 4. Bc4 Nf6 5. Qe2 Nc6 6. c3 d5 7. exd5 exd5 8. Bb5
Bg4 9. Nf3 h6 10. O-O O-O 11. Bxh6 Re8 12. Qd3 Ne4 13. c4 Bf6 14. Bxc6 bxc6 15.
c5 Qb8 16. b3 a5 17. Nc3 Re6 18. Nd2 Kh7 19. Bf4 g5 20. Be3 Qb4 21. Ndxe4 Kg7
22. f3 Bh5 23. Nxg5 Bxg5 24. Bxg5 f6 25. Qf5 Rae8 26. Bxf6+ Rxf6 27. Qxh5 Rh8
28. Qg5+ Kf7 29. Rac1 Rg8 30. Qh5+ Rfg6 31. Rfe1 1-0

[Event "AUTO-OPEN-3284"]
[Site "http://www.queenalice.com/game.php?id=1293169"]
[Date "2014.7.7"]
[Round "1"]
[White "edsom"]
[Black "viniciusallexandre"]
[Result "1-0"]
[WhiteElo "1773"]
[BlackElo "1100"]

1. e4 e5 2. Bc4 Bc5 3. Nf3 d6 4. Nc3 Nf6 5. d3 Bg4 6. Qe2 h5 7. Bd2 h4 8. a3 Nc6
9. h3 Bh5 10. Qf1 O-O 11. Qe2 Nd4 12. Qd1 g5 13. Rg1 g4 14. Nxd4 exd4 15. Nd5 b6
16. Bg5 Qe8 17. Nxf6+ Kg7 18. Nxe8+ 1-0

[Event "AUTO-OPEN-3407"]
[Site "http://www.queenalice.com/game.php?id=1330865"]
[Date "2014.12.26"]
[Round "1"]
[White "NMendes"]
[Black "viniciusallexandre"]
[Result "1-0"]
[WhiteElo "2182"]
[BlackElo "1100"]

1. e4 Nf6 2. e5 Ne4 3. Qe2 d5 4. d4 Bf5 5. f3 Ng5 6. Bxg5 h6 7. Be3 c6 8. Qd2 e6
9. Ne2 f6 10. g4 Bg6 11. h4 h5 12. Ng3 f5 13. gxf5 exf5 14. Bd3 Be7 15. Bxf5
Bxf5 16. Nxf5 Rg8 17. Bg5 Bxg5 18. hxg5 g6 19. Nd6+ Kd7 20. Nxb7 Qf8 21. Nc5+
Ke8 22. Qe3 Nd7 23. Ne6 Qb4+ 24. Qc3 Qc4 25. Nc7+ Ke7 26. Qa3+ c5 27. Nd2 Qxd4
28. O-O-O Nxe5 29. Rhe1 Rab8 30. Ne4 Qxb2+ 31. Qxb2 Rxb2 32. Nxd5+ Ke6 33. Nxc5+
Kf7 34. Rxe5 Rgb8 35. Nb3 Rxa2 36. Re7+ Kf8 37. Rd4 Re8 38. Rf4+ Kg8 39. Nf6+
Kh8 40. Rh7# 1-0

[Event "AUTO-OPEN-3407"]
[Site "http://www.queenalice.com/game.php?id=1330866"]
[Date "2014.12.26"]
[Round "1"]
[White "viniciusallexandre"]
[Black "NMendes"]
[Result "0-1"]
[WhiteElo "1100"]
[BlackElo "2183"]

1. e4 e6 2. Nf3 d5 3. d3 c5 4. c4 d4 5. Bf4 Ne7 6. Nbd2 Ng6 7. Bg5 f6 8. Bh4 e5
9. g3 Bd6 10. Nb3 a6 11. Bg2 b5 12. O-O Nc6 13. Qd2 Be6 14. h3 bxc4 15. dxc4
Bxc4 16. Rfe1 Bxb3 17. axb3 a5 18. g4 O-O 19. g5 Nxh4 20. Nxh4 fxg5 21. Nf3 Rf4
22. Rac1 Qf6 23. Kh1 Rxf3 24. Bf1 Rxf2 25. Re2 Rxf1+ 26. Kh2 Rxc1 27. Qxc1 Qf4+
28. Qxf4 gxf4 29. h4 Rb8 30. Rg2 Rxb3 31. h5 f3 32. Rf2 a4 33. Kg3 c4 34. Kg4 a3
35. Rxf3 Rxf3 36. Kxf3 axb2 37. Ke2 d3+ 38. Ke3 b1=Q 39. Kd2 Bb4+ 40. Ke3 d2 41.
Kf3 d1=Q+ 42. Ke3 Qf1 43. h6 Qbd3# 0-1

[Event "AUTO-OPEN-3407"]
[Site "http://www.queenalice.com/game.php?id=1330887"]
[Date "2014.12.26"]
[Round "1"]
[White "sphagnis"]
[Black "viniciusallexandre"]
[Result "1-0"]
[WhiteElo "1591"]
[BlackElo "1100"]

1. e4 e5 2. Nf3 Nc6 3. d4 exd4 4. Nxd4 Bd6 5. Nxc6 bxc6 6. Nc3 Nf6 7. Bg5 c5 8.
Nd5 O-O 9. Bxf6 Qe8 10. Qg4 g6 11. Qg5 Qxe4+ 12. Be2 Ba6 13. O-O Bxe2 14. f3 Qf5
15. Ne3 Qxg5 16. Bxg5 Bxf1 17. Rxf1 f5 18. c4 c6 19. Bh6 Rfe8 20. a3 Rab8 21.
Nd1 Re2 22. Rf2 Rbe8 23. g3 R2e6 24. Bd2 h5 25. Be3 a5 26. Re2 g5 27. f4 g4 28.
Kf2 a4 29. Nc3 Ra8 30. Bd2 Re7 31. Bc1 Kh7 32. Rxe7+ Bxe7 33. Ke2 d6 34. b4 Bf6
35. Kd2 Kg6 36. Kc2 1-0

[Event "AUTO-OPEN-3407"]
[Site "http://www.queenalice.com/game.php?id=1330888"]
[Date "2014.12.26"]
[Round "1"]
[White "viniciusallexandre"]
[Black "sphagnis"]
[Result "0-1"]
[WhiteElo "1100"]
[BlackElo "1656"]

1. e4 e5 2. Nf3 Nc6 3. Nc3 d6 4. Bc4 Qf6 5. Nd5 Qd8 6. d3 h6 7. g3 Bg4 8. h3 Bh5
9. g4 Bg6 10. c3 Nf6 11. b4 a6 12. Be3 Be7 13. b5 axb5 14. Bxb5 O-O 15. g5 Nh5
16. h4 f6 0-1

[Event "AUTO-OPEN-3407"]
[Site "http://www.queenalice.com/game.php?id=1330901"]
[Date "2014.12.26"]
[Round "1"]
[White "viniciusallexandre"]
[Black "jnable"]
[Result "0-1"]
[WhiteElo "1100"]
[BlackElo "2017"]

1. e4 c6 2. c3 d5 3. d4 dxe4 4. Qe2 Bf5 5. Nd2 Nf6 6. f3 Qd5 7. g4 Bg6 8. h3 e5
9. Bg2 exd4 10. fxe4 Qe6 11. Nc4 Bc5 12. b4 Be7 13. Bb2 dxc3 0-1

[Event "AUTO-OPEN-3407"]
[Site "http://www.queenalice.com/game.php?id=1330902"]
[Date "2014.12.26"]
[Round "1"]
[White "jnable"]
[Black "viniciusallexandre"]
[Result "1-0"]
[WhiteElo "2019"]
[BlackElo "1100"]

1. e4 Nf6 2. e5 Ne4 3. d4 d5 4. f3 Ng5 5. Bxg5 h6 6. Bh4 g5 7. Bf2 e6 8. c4 c6
9. Nc3 Na6 10. Bd3 Nb4 11. Be2 Bg7 12. a3 Na6 13. Bd3 f5 14. cxd5 cxd5 15. Nge2
f4 16. Nb5 1-0